000 00341 a2200109 4500
001 ART_7812
005 20260410161638.0
008 260409a
245 1 0 _aReestructuraciones de pasivos. Algunas consideraciones fiscales
100 1 _aCalcagno, Gabriel A
773 0 _tConsultor tributario
_g- NÂș 12 (feb. 2008)
_wREV474
999 _c13056
_d13056